000 01237nam a2200361 i 4500
001 bg
003 BPK
005 20221124080501.0
008 150618s1986 pl g 000 0 pol
015 _aPB 1987/7726
020 _a8306014359
040 _aWA N
_cBPK
041 1 _apol
_hger
080 _a008
080 _a575.8
080 _a591.5
100 1 _aLorenz, Konrad
_d(1903-1989).
245 1 0 _aRegres człowieczeństwa /
_cKonrad Lorenz ; przeł. [z niem.] Anna Danuta Tauszyńska.
246 1 _iTyt. oryg.:
_aAbbau des Menschlichen.
260 _aWarszawa :
_bPaństwowy Instytut Wydawniczy,
_c1986.
300 _a204, [3] s. ;
_c20 cm.
490 1 _aBiblioteka Myśli Współczesnej.
500 _aTyt. oryg.: "Der Abbau des Menschlichen" 1983.
650 4 _aZwierzęta
_xpsychologia.
650 4 _aZachowanie
650 4 _aEwolucja
650 4 _aHistoria kultury
710 2 _aPaństwowy Instytut Wydawniczy
_4pbl.
700 1 _aTauszyńska, Anna Danuta
_eTłumaczenie
830 0 _aBiblioteka Myśli Współczesnej
856 _uhttp://koha.tu.koszalin.pl/cgi-bin/koha/opac-detail.pl?biblionumber=23451
_yKatalog online BPK
942 _2UKD
_cKS
999 _c23451
_d23451